000 01268nam2a22002651 4500
001 RU\NLR\INFOCOMM31\1000076623
005 20250617111641.0
035 _a(NLR Aleph) 002568538
090 _a3168223
_c3168223
100 _a20040602d1893 |||y0rusy50 ca
101 0 _arus
102 _aRU
105 _ay |||||||||
200 0 _aГ.2 1893, Т.1, №5/6
210 _d1893
_aБ. м.
320 _aУказатель
421 1 _12001#$aСанитарно-воспитательные требования начальных школ$fАлександров В.А.
_1700#1$aАлександров$bВ.А.
_1210##$aСпб$d1893
_1309##$a(Припл.)
_tСанитарно-воспитательные требования начальных школ
_aАлександров, В.А.
461 0 _1001RU\NLR\INFOCOMM31\1000076608
_12001#$aОбразование$eЖурнал лит. и общественно-полит.$vГ.2 1893, Т.1, №5/6
_93168187
_cСПб.
_d1892-1909
_nД.А. Карышев
_oЖурнал лит. и общественно-полит.
_tОбразование
_vГ.2 1893, Т.1, №5/6
801 1 _aRU
_bInfoComm
_c20040602
801 0 _aRU
_bNLR
_gPSBO
852 _aNLR
_j1/310
942 _cISSUE
980 _aNB
980 _aRUSPER